[Event "Titled Tuesday intern op 03rd Jan Late"]
[Site "Chess.com INT"]
[Date "2025.06.03"]
[Round "1"]
[White "Bortnyk, Olexandr"]
[Black "Dudzinski, Pawel"]
[Result "1-0"]
[WhiteElo "2601"]
[BlackElo "2191"]
[PlyCount "55"]
[EventDate "2025.06.03"]
[EventType "swiss (blitz)"]
[EventRounds "11"]
[EventCountry "USA"]
[SourceTitle "CB24_2025"]
[SourceDate "2025.06.11"]
[SourceVersion "1"]
[SourceVersionDate "2025.06.11"]
[SourceQuality "1"]

1. d4 f5 2. Bf4 Nf6 3. e3 d5 4. c4 c6 5. Nc3 e6 6. Bd3 Be7 7. Nf3 0-0 8. 0-0 Ne4 9. h3 Bd7 10. Qb3 Qb6 11. c5 Qxb3 12. axb3 Nxc3 13. bxc3 a6 14. c4 Be8 15. b4 Nd7 16. b5 Bh5 17. bxc6 bxc6 18. cxd5 exd5 19. Rfb1 Bxf3 20. gxf3 a5 21. Rb7 Rfd8 22. Bxf5 Nxc5 23. Rxe7 Nb3 24. Ra4 c5 25. Be6+ Kf8 26. Rf7+ Ke8 27. Rxg7 cxd4 28. Bg5 1-0

[Event "Titled Tuesday intern op 03rd Jan Late"]
[Site "Chess.com INT"]
[Date "2025.06.03"]
[Round "4"]
[White "Grigorjev, Iljya"]
[Black "Bortnyk, Olexandr"]
[Result "1-0"]
[WhiteElo "2433"]
[BlackElo "2601"]
[PlyCount "185"]
[EventDate "2025.06.03"]
[EventType "swiss (blitz)"]
[EventRounds "11"]
[EventCountry "USA"]
[SourceTitle "CB24_2025"]
[SourceDate "2025.06.11"]
[SourceVersion "1"]
[SourceVersionDate "2025.06.11"]
[SourceQuality "1"]

1. e4 Nf6 2. d3 d5 3. exd5 Nxd5 4. Nf3 Nc6 5. d4 Bg4 6. Be2 e6 7. 0-0 Bd6 8. h3 Bh5 9. c4 Nf6 10. Be3 0-0 11. Nc3 Re8 12. Qd2 h6 13. a3 a6 14. b4 Bg6 15. Rfe1 Ne4 16. Nxe4 Bxe4 17. Nh2 e5 18. d5 Nd4 19. Bxd4 exd4 20. Bd3 Bxh2+ 21. Kxh2 Bxd3 22. Rxe8+ Qxe8 23. Qxd3 Qe5+ 24. g3 c6 25. Rd1 cxd5 26. Qxd4 Qxd4 27. Rxd4 dxc4 28. Rxc4 Rd8 29. Rc7 Rd3 30. a4 b5 31. axb5 axb5 32. Rc8+ Kh7 33. Rc5 Rb3 34. Rxb5 Kg6 35. Kg2 f5 36. h4 Kf6 37. Rb6+ Ke5 38. Rg6 Rxb4 39. Rxg7 Kf6 40. Ra7 Kg6 41. Ra6+ Kg7 42. h5 Rc4 43. Rg6+ Kh7 44. Rf6 Rc5 45. Kf3 Kg7 46. Rg6+ Kh7 47. Kf4 Ra5 48. Rf6 Kg7 49. Rxf5 Ra4+ 50. Kf3 Ra3+ 51. Kg4 Ra4+ 52. f4 Ra3 53. Rb5 Rc3 54. Rb7+ Kg8 55. Rb6 Kg7 56. Rg6+ Kh7 57. f5 Rc4+ 58. Kh3 Rc5 59. g4 Rc3+ 60. Kg2 Ra3 61. Re6 Kg7 62. Kf2 Rb3 63. Re3 Rb1 64. Kf3 Rf1+ 65. Kg3 Rg1+ 66. Kf4 Rf1+ 67. Rf3 Re1 68. Ra3 Rf1+ 69. Kg3 Rg1+ 70. Kf3 Rf1+ 71. Kg2 Rb1 72. Ra6 Rb3 73. Rg6+ Kh7 74. Kf2 Ra3 75. Ke2 Rb3 76. Re6 Rg3 77. Re4 Kg7 78. Kf2 Ra3 79. Re3 Ra1 80. Kg3 Rg1+ 81. Kf4 Rf1+ 82. Ke5 Kf7 83. Re4 Rg1 84. Ra4 Re1+ 85. Kf4 Rf1+ 86. Ke3 Kg7 87. Ra7+ Kf6 88. Ra6+ Kg7 89. Ke4 Rg1 90. Ke5 Re1+ 91. Kd6 Kf6 92. Kd7+ Kg5 93. Rg6+ 1-0

[Event "Titled Tuesday intern op 20th May Late"]
[Site "Chess.com INT"]
[Date "2025.05.20"]
[Round "5"]
[White "Haug, Havard"]
[Black "Bortnyk, Olexandr"]
[Result "0-1"]
[WhiteElo "2354"]
[BlackElo "2601"]
[PlyCount "100"]
[EventDate "2025.05.20"]
[EventType "swiss (blitz)"]
[EventRounds "11"]
[EventCountry "USA"]
[SourceTitle "CB22_2025"]
[SourceDate "2025.05.28"]
[SourceVersion "1"]
[SourceVersionDate "2025.05.28"]
[SourceQuality "1"]

1. e4 Nf6 2. e5 Nd5 3. Nf3 d6 4. d4 dxe5 5. dxe5 Bg4 6. h3 Bxf3 7. Qxf3 e6 8. Nc3 Nb4 9. Bd3 Nxd3+ 10. cxd3 Nc6 11. Qg3 Qd4 12. Bf4 0-0-0 13. Rd1 g5 14. Bxg5 Rg8 15. Qe3 Qxe3+ 16. Bxe3 Nxe5 17. d4 Nc4 18. 0-0 Nxb2 19. Rb1 Nc4 20. Rfc1 c6 21. Nb5 Nxe3 22. Nxa7+ Kc7 23. fxe3 e5 24. Rf1 Rg7 25. Rfc1 Ra8 26. Nb5+ Kb8 27. Nc3 exd4 28. exd4 Ra5 29. Rc2 f5 30. Re2 Ka7 31. Re5 Rxe5 32. dxe5 Bc5+ 33. Kf1 Bd4 34. Nd1 Re7 35. Rb4 c5 36. Rb5 Rxe5 37. a4 b6 38. a5 bxa5 39. Rxa5+ Kb6 40. Ra8 Re7 41. Rf8 c4 42. Rc8 Rc7 43. Rxc7 Kxc7 44. Ke2 Kd6 45. g4 fxg4 46. hxg4 Ke6 47. Kf3 Ke5 48. Kg3 Ke4 49. Kg2 Kd3 50. g5 Kd2 0-1

[Event "Titled Tuesday intern op 20th May Late"]
[Site "Chess.com INT"]
[Date "2025.05.20"]
[Round "1"]
[White "Horak, Martin"]
[Black "Bortnyk, Olexandr"]
[Result "0-1"]
[WhiteElo "2324"]
[BlackElo "2601"]
[PlyCount "36"]
[EventDate "2025.05.20"]
[EventType "swiss (blitz)"]
[EventRounds "11"]
[EventCountry "USA"]
[SourceTitle "CB22_2025"]
[SourceDate "2025.05.28"]
[SourceVersion "1"]
[SourceVersionDate "2025.05.28"]
[SourceQuality "1"]

1. e4 Nf6 2. e5 Nd5 3. d4 d6 4. c4 Nb6 5. f4 dxe5 6. fxe5 Bf5 7. Nc3 e6 8. Be3 Bb4 9. Be2 c5 10. Nf3 Nc6 11. 0-0 0-0 12. Nb5 cxd4 13. Nfxd4 Nxe5 14. Nxf5 exf5 15. b3 Qe7 16. Qc1 g6 17. Nxa7 Bc5 18. Nb5 Nd3 0-1

[Event "Titled Tuesday intern op 20th May Late"]
[Site "Chess.com INT"]
[Date "2025.05.20"]
[Round "3"]
[White "Shandrygin, Nikita"]
[Black "Bortnyk, Olexandr"]
[Result "0-1"]
[WhiteElo "2209"]
[BlackElo "2601"]
[PlyCount "64"]
[EventDate "2025.05.20"]
[EventType "swiss (blitz)"]
[EventRounds "11"]
[EventCountry "USA"]
[SourceTitle "CB22_2025"]
[SourceDate "2025.05.28"]
[SourceVersion "1"]
[SourceVersionDate "2025.05.28"]
[SourceQuality "1"]

1. Nf3 Nf6 2. g3 b6 3. d4 Bb7 4. Bg2 g6 5. 0-0 Bg7 6. c4 0-0 7. b3 e6 8. Bb2 d5 9. Ne5 Na6 10. Nc3 Qe7 11. cxd5 exd5 12. e3 c5 13. Rc1 Rfd8 14. f4 Ne4 15. a3 f6 16. Nf3 Nc7 17. Re1 Rac8 18. Qc2 f5 19. dxc5 Ne6 20. Nxe4 dxe4 21. Ne5 Nxc5 22. Bf1 Nd3 23. Bxd3 Rxc2 24. Bxc2 Bxe5 25. Bxe5 Qxa3 26. Rcd1 Rxd1 27. Rxd1 Qc5 28. Rd8+ Kf7 29. Rd7+ Ke6 30. Rc7 Qxe3+ 31. Kf1 Ba6+ 32. Kg2 Qf3+ 0-1

[Event "Chess.com Classic Play In"]
[Site "Chess.com INT"]
[Date "2025.05.19"]
[Round "9"]
[White "Bortnyk, Olexandr"]
[Black "Yilmaz, Mustafa"]
[Result "1-0"]
[WhiteElo "2601"]
[BlackElo "2586"]
[PlyCount "153"]
[EventDate "2025.05.19"]
[EventType "swiss (blitz)"]
[EventRounds "9"]
[EventCountry "USA"]
[SourceTitle "CB21_2025"]
[SourceDate "2025.05.21"]
[SourceVersion "1"]
[SourceVersionDate "2025.05.21"]
[SourceQuality "1"]

1. d4 Nf6 2. Nc3 d5 3. Bf4 e6 4. Nb5 Bb4+ 5. c3 Ba5 6. a4 a6 7. b4 Nc6 8. bxa5 axb5 9. axb5 Nxa5 10. e3 Bd7 11. Qb1 0-0 12. Bd3 Nc4 13. Rxa8 Qxa8 14. Ne2 Qa5 15. 0-0 Rc8 16. Bxc4 dxc4 17. e4 Qxb5 18. f3 h6 19. Be5 c5 20. Bxf6 gxf6 21. Qc1 Kg7 22. e5 cxd4 23. exf6+ Kg6 24. Nxd4 Qe5 25. Re1 Qxf6 26. Qb1+ Kg7 27. Qxb7 Qd8 28. Re4 Rb8 29. Qa7 Rb1+ 30. Kf2 e5 31. Ne2 Bf5 32. Rxe5 Qh4+ 33. Ng3 Bd3 34. Re1 Rxe1 35. Kxe1 Qxh2 36. Qd4+ Kg8 37. Kf2 h5 38. Qd8+ Kh7 39. Qc7 Kg8 40. Qb8+ Kh7 41. Qf4 Kg8 42. Qd4 Kh7 43. Qd5 Kg6 44. Qd6+ Kh7 45. Qf4 Kg8 46. Qf6 Bg6 47. Qd8+ Kh7 48. Qg5 h4 49. Nf5 Bxf5 50. Qxf5+ Kg7 51. Qg4+ Kf8 52. Qxc4 Qg3+ 53. Kf1 Qg5 54. Qb4+ Ke8 55. Qe4+ Kf8 56. Qd4 Qc1+ 57. Kf2 Qc2+ 58. Kg1 Qc1+ 59. Kh2 Qg5 60. Qd6+ Kg8 61. c4 Kh7 62. c5 h3 63. Kxh3 Qh5+ 64. Kg3 Qf5 65. Qd4 Qg5+ 66. Kh3 Qf5+ 67. Kh2 Qh5+ 68. Kg1 Qg5 69. Qe4+ f5 70. Qc2 Qe3+ 71. Kf1 Qd4 72. Qxf5+ Kh6 73. Qh3+ Kg5 74. Qg4+ Qxg4 75. fxg4 Kf6 76. c6 Ke6 77. g5 1-0

[Event "Titled Tuesday intern op 06th May Early"]
[Site "Chess.com INT"]
[Date "2025.05.06"]
[Round "2"]
[White "Bortnyk, Olexandr"]
[Black "Krivenko, Dion"]
[Result "1-0"]
[WhiteElo "2601"]
[BlackElo "2243"]
[PlyCount "65"]
[EventDate "2025.05.06"]
[EventType "swiss (blitz)"]
[EventRounds "11"]
[EventCountry "USA"]
[SourceTitle "CB20_2025"]
[SourceDate "2025.05.14"]
[SourceVersion "1"]
[SourceVersionDate "2025.05.14"]
[SourceQuality "1"]

1. d4 Nf6 2. Nc3 d6 3. e4 Nc6 4. d5 Nb8 5. h3 g6 6. g4 Bg7 7. Bg2 c6 8. Nge2 0-0 9. 0-0 cxd5 10. Nxd5 Nxd5 11. exd5 Nd7 12. c3 a5 13. Be3 b5 14. Nd4 Ne5 15. Nxb5 Ba6 16. a4 Nc4 17. Bd4 Bxd4 18. Qxd4 Rc8 19. b3 Ne5 20. f4 Nd7 21. Rfe1 Nc5 22. Rab1 Qd7 23. c4 Rfe8 24. Re3 Bxb5 25. cxb5 h5 26. gxh5 Qf5 27. Rbe1 Qxh5 28. Kh2 Qf5 29. Rxe7 Rxe7 30. Rxe7 Nxb3 31. Qe3 Nc5 32. b6 Rb8 33. Qd4 1-0

[Event "Titled Tuesday intern op 06th May Early"]
[Site "Chess.com INT"]
[Date "2025.05.06"]
[Round "1"]
[White "Chiang, Jacob"]
[Black "Bortnyk, Olexandr"]
[Result "1/2-1/2"]
[WhiteElo "2006"]
[BlackElo "2601"]
[PlyCount "179"]
[EventDate "2025.05.06"]
[EventType "swiss (blitz)"]
[EventRounds "11"]
[EventCountry "USA"]
[SourceTitle "CB20_2025"]
[SourceDate "2025.05.14"]
[SourceVersion "1"]
[SourceVersionDate "2025.05.14"]
[SourceQuality "1"]

1. c4 Nf6 2. Nc3 d6 3. d4 g6 4. g3 Bg7 5. Bg2 0-0 6. Nf3 Bf5 7. 0-0 Ne4 8. Bd2 c6 9. Nh4 Nxc3 10. Bxc3 Bd7 11. e4 Na6 12. Qd2 b5 13. b3 bxc4 14. bxc4 Rb8 15. Rab1 c5 16. d5 Bxc3 17. Qxc3 Qc7 18. Nf3 Rxb1 19. Rxb1 Rb8 20. Rb2 Rxb2 21. Qxb2 Qb6 22. Qb3 f6 23. Nd2 Kf7 24. f4 Qa5 25. Qb2 Nb4 26. e5 Bf5 27. exd6 Nd3 28. Qc2 Nxf4 29. Qb2 Nd3 30. Qc2 exd6 31. g4 Nb4 32. Qb2 Bxg4 33. Ne4 Qd8 34. a3 f5 35. axb4 fxe4 36. bxc5 dxc5 37. Qf2+ Qf6 38. Qxc5 Qb6 39. Qf2+ Ke7 40. c5 Qb1+ 41. Bf1 Qc1 42. Qh4+ g5 43. Qxg4 Qxc5+ 44. Kh1 Qxd5 45. Bg2 Qe5 46. Qxe4 Qxe4 47. Bxe4 h5 48. Kg2 a5 49. Kg3 a4 50. Bb1 a3 51. Kf3 Ke6 52. Ke4 Kf6 53. Ba2 Kg6 54. Ke5 g4 55. Kf4 Kf6 56. Bb3 Kg6 57. Ba2 Kf6 58. Ke4 Kg5 59. Ke3 Kh4 60. Kf2 Kh3 61. Kg1 Kh4 62. Kg2 Kg5 63. Kg3 h4+ 64. Kg2 Kf5 65. Kf2 Ke4 66. Kg2 Ke3 67. Be6 Ke2 68. Bxg4+ Kd3 69. Be6 Ke4 70. Kh3 Ke5 71. Ba2 Kf6 72. Kxh4 Kg7 73. Kg5 Kh8 74. Kf4 Kg7 75. Ke3 Kh6 76. Kf3 Kg5 77. Kg3 Kh6 78. Kh4 Kg7 79. Kh5 Kh8 80. Bb3 Kg7 81. Kg5 Kh8 82. Kf6 Kh7 83. Kg5 Kg7 84. h3 Kh8 85. Kh5 Kg7 86. Ba2 Kh8 87. Bb1 Kg7 88. Kg5 Kh8 89. Kg6 a2 90. Bxa2 1/2-1/2

[Event "Titled Tuesday intern op 01st Apr Early"]
[Site "Chess.com INT"]
[Date "2025.04.01"]
[Round "2"]
[White "Bortnyk, Olexandr"]
[Black "Askarov, Bakhtiyar"]
[Result "0-1"]
[WhiteElo "2601"]
[BlackElo "2314"]
[PlyCount "78"]
[EventDate "2025.04.01"]
[EventType "swiss (blitz)"]
[EventRounds "11"]
[EventCountry "USA"]
[SourceTitle "CB15_2025"]
[SourceDate "2025.04.09"]
[SourceVersion "1"]
[SourceVersionDate "2025.04.09"]
[SourceQuality "1"]

1. d4 Nf6 2. Nc3 d5 3. Bf4 c5 4. e4 Nxe4 5. Nxe4 dxe4 6. dxc5 Qa5+ 7. c3 Qxc5 8. Qa4+ Nc6 9. Qxe4 Bf5 10. Qa4 e6 11. Rd1 Be7 12. Be3 Qa5 13. Qxa5 Nxa5 14. Bb5+ Nc6 15. Nf3 Be4 16. Ne5 a6 17. Bxc6+ Bxc6 18. Nxc6 bxc6 19. Ke2 Rd8 20. b4 0-0 21. Rxd8 Rxd8 22. Rd1 Rxd1 23. Kxd1 f5 24. Kc2 Kf7 25. Kb3 Ke8 26. Bd4 g6 27. Ka4 Bd8 28. Be5 Kd7 29. c4 Kc8 30. b5 Kb7 31. Bd6 Bf6 32. f4 Bd4 33. Kb4 h6 34. Bc5 a5+ 35. Kxa5 Bxc5 36. Ka4 Kb6 37. bxc6 Kxc6 38. Kb3 Bg1 39. h3 Bh2 0-1

[Event "Titled Tuesday intern op 01st Apr Early"]
[Site "Chess.com INT"]
[Date "2025.04.01"]
[Round "6"]
[White "Bortnyk, Olexandr"]
[Black "Mateus, Alejandro"]
[Result "1-0"]
[WhiteElo "2601"]
[BlackElo "2237"]
[PlyCount "81"]
[EventDate "2025.04.01"]
[EventType "swiss (blitz)"]
[EventRounds "11"]
[EventCountry "USA"]
[SourceTitle "CB15_2025"]
[SourceDate "2025.04.09"]
[SourceVersion "1"]
[SourceVersionDate "2025.04.09"]
[SourceQuality "1"]

1. d4 Nf6 2. Nc3 d5 3. Bf4 e6 4. Nb5 Na6 5. e3 Be7 6. Nf3 0-0 7. Ne5 c5 8. c3 Ne4 9. Bd3 Nd6 10. a4 cxd4 11. exd4 Nc7 12. Qh5 g6 13. Nxg6 fxg6 14. Bxg6 hxg6 15. Qxg6+ Kh8 16. Qh6+ Kg8 17. Qg6+ Kh8 18. Be5+ Bf6 19. Qh6+ Kg8 20. Qg6+ Kh8 21. Nxd6 Qe7 22. Rd1 Qg7 23. Qh5+ Qh7 24. Bxf6+ Rxf6 25. Qe5 Qg7 26. Rd3 Rg6 27. Qh5+ Kg8 28. Rg3 Rxg3 29. hxg3 Bd7 30. Rh4 e5 31. dxe5 Rf8 32. Kf1 Ne8 33. Nxb7 Rf5 34. Qh6 Rxe5 35. Nc5 Bc8 36. Qc6 Qc7 37. Qg6+ Ng7 38. Qh7+ Kf7 39. Nd3 Rf5 40. Rg4 Kf6 41. Rg6+ 1-0

[Event "Titled Tuesday intern op 01st Apr Early"]
[Site "Chess.com INT"]
[Date "2025.04.01"]
[Round "1"]
[White "Mattenberger, Matthias"]
[Black "Bortnyk, Olexandr"]
[Result "0-1"]
[WhiteElo "2338"]
[BlackElo "2601"]
[PlyCount "70"]
[EventDate "2025.04.01"]
[EventType "swiss (blitz)"]
[EventRounds "11"]
[EventCountry "USA"]
[SourceTitle "CB15_2025"]
[SourceDate "2025.04.09"]
[SourceVersion "1"]
[SourceVersionDate "2025.04.09"]
[SourceQuality "1"]

1. d4 Nf6 2. c4 b6 3. Nc3 Bb7 4. d5 e5 5. Nf3 d6 6. e4 g6 7. Bd3 h5 8. 0-0 Bh6 9. Bxh6 Rxh6 10. b4 a5 11. a3 Kf8 12. Qd2 Kg7 13. c5 Ba6 14. c6 Bxd3 15. Qxd3 Na6 16. Rab1 h4 17. h3 Nh5 18. Ne2 Qf6 19. Nh2 Nf4 20. Nxf4 Qxf4 21. Ng4 Rh5 22. Qe3 f5 23. exf5 Rxf5 24. Rfe1 axb4 25. axb4 Raf8 26. Rb2 g5 27. Ra1 Nxb4 28. Ra4 Nxd5 29. Qb3 Qc1+ 30. Kh2 Qxc6 31. Rc2 Qd7 32. Qxd5 Qxa4 33. Rxc7+ R8f7 34. Nh6 Qf4+ 35. Kh1 Rxc7 0-1

[Event "Titled Tuesday intern op 01st Apr Late"]
[Site "Chess.com INT"]
[Date "2025.04.01"]
[Round "7"]
[White "Nakamura, Hikaru"]
[Black "Bortnyk, Olexandr"]
[Result "1-0"]
[WhiteElo "2804"]
[BlackElo "2601"]
[PlyCount "85"]
[EventDate "2025.04.01"]
[EventType "swiss (blitz)"]
[EventRounds "11"]
[EventCountry "USA"]
[SourceTitle "CB21_2025"]
[SourceDate "2025.05.21"]
[SourceVersion "1"]
[SourceVersionDate "2025.05.21"]
[SourceQuality "1"]

1. c4 Nf6 2. Nc3 b6 3. e4 d6 4. d4 Bb7 5. f3 e5 6. d5 Be7 7. Be3 a5 8. Qd2 Nfd7 9. g3 Nc5 10. h4 Bc8 11. 0-0-0 f5 12. exf5 Bxf5 13. Bxc5 bxc5 14. Bh3 0-0 15. Bxf5 Rxf5 16. Qd3 Qd7 17. g4 Rf7 18. Ne4 Na6 19. a3 Rb8 20. Ne2 a4 21. N2c3 Rb3 22. Nd2 Rb8 23. Kb1 Rf4 24. Ne2 Rf7 25. h5 Bg5 26. Ne4 Bf4 27. Qc2 Rff8 28. Rd3 Rb7 29. Ka2 Rfb8 30. Rb1 Qf7 31. Ka1 Rb3 32. N2c3 Qd7 33. h6 Rf8 34. hxg7 Kxg7 35. Ne2 Rbb8 36. Rh1 Kg8 37. g5 Qf5 38. Nxf4 exf4 39. Nf6+ Rxf6 40. gxf6 Qxf6 41. Rd2 h6 42. Rg2+ Kf8 43. Qh7 1-0

[Event "Titled Tuesday intern op 01st Apr Late"]
[Site "Chess.com INT"]
[Date "2025.04.01"]
[Round "2"]
[White "Papasimakopoulos, Alexandros"]
[Black "Bortnyk, Olexandr"]
[Result "0-1"]
[WhiteElo "2380"]
[BlackElo "2601"]
[PlyCount "70"]
[EventDate "2025.04.01"]
[EventType "swiss (blitz)"]
[EventRounds "11"]
[EventCountry "USA"]
[SourceTitle "CB15_2025"]
[SourceDate "2025.04.09"]
[SourceVersion "1"]
[SourceVersionDate "2025.04.09"]
[SourceQuality "1"]

1. Nf3 Nf6 2. c4 b6 3. b3 Bb7 4. g3 g6 5. Bg2 Bg7 6. Bb2 0-0 7. 0-0 e6 8. Qc2 d5 9. cxd5 exd5 10. d3 c5 11. d4 Na6 12. Rd1 Qe7 13. Nc3 Rfd8 14. Rac1 Ne4 15. dxc5 bxc5 16. Nxe4 dxe4 17. Ne1 Nb4 18. Qb1 e3 19. f3 Ba6 20. Bxg7 Kxg7 21. f4 Rxd1 22. Rxd1 Rc8 23. a3 Nc6 24. Bxc6 Rxc6 25. Nd3 Rd6 26. Ne1 Kg8 27. Qc2 Qd8 28. Rxd6 Qxd6 29. Nf3 Bb7 30. Kg2 Qd2 31. Qc4 Bd5 32. Qb5 Kg7 33. g4 Qe1 34. Qd3 Qf2+ 35. Kh3 Bxf3 0-1

[Event "Titled Tuesday intern op 25th Mar Early"]
[Site "Chess.com INT"]
[Date "2025.03.25"]
[Round "2"]
[White "Bortnyk, Olexandr"]
[Black "Le, Minh Tu"]
[Result "1-0"]
[WhiteElo "2601"]
[BlackElo "1933"]
[PlyCount "51"]
[EventDate "2025.03.25"]
[EventType "swiss (blitz)"]
[EventRounds "11"]
[EventCountry "USA"]
[SourceTitle "CB14_2025"]
[SourceDate "2024.11.01"]
[SourceVersion "1"]
[SourceVersionDate "2024.11.01"]
[SourceQuality "1"]

1. d4 d5 2. Nc3 Nf6 3. Bf4 c6 4. e3 Bf5 5. Nf3 e6 6. Ne5 Bd6 7. Bd3 Bxd3 8. cxd3 0-0 9. 0-0 c5 10. Nb5 Bxe5 11. Bxe5 Nc6 12. Bd6 Re8 13. Bxc5 b6 14. Ba3 e5 15. Rc1 Re6 16. dxe5 Nxe5 17. Nc7 h6 18. Nxe6 fxe6 19. b3 Qe8 20. Bb2 Neg4 21. h3 Qh5 22. Bxf6 Nxf6 23. Qxh5 Nxh5 24. Rc7 a5 25. Rfc1 a4 26. Rc8+ 1-0

[Event "Titled Tuesday intern op 18th Mar Late"]
[Site "Chess.com INT"]
[Date "2025.03.18"]
[Round "4"]
[White "Bardyk, Artem"]
[Black "Bortnyk, Olexandr"]
[Result "0-1"]
[WhiteElo "2257"]
[BlackElo "2601"]
[PlyCount "142"]
[EventDate "2025.03.18"]
[EventType "swiss (blitz)"]
[EventRounds "11"]
[EventCountry "USA"]
[SourceTitle "CB13_2025"]
[SourceDate "2025.03.26"]
[SourceVersion "1"]
[SourceVersionDate "2025.03.26"]
[SourceQuality "1"]

1. e4 Nf6 2. Nc3 d5 3. exd5 Nxd5 4. Bc4 c6 5. d3 Bf5 6. Nf3 e6 7. 0-0 Be7 8. Ne4 h6 9. Ng3 Bh7 10. d4 Nd7 11. Re1 0-0 12. c3 N7f6 13. a4 c5 14. Bd3 Bxd3 15. Qxd3 Rc8 16. dxc5 Bxc5 17. Ne4 Nxe4 18. Qxe4 Qb6 19. Qe2 a5 20. Ne5 Rfd8 21. Qf3 Qc7 22. g3 Bd6 23. Ng4 h5 24. Ne3 Nf6 25. Ng2 Bc5 26. Be3 Qb6 27. Bxc5 Rxc5 28. Qe2 Rcd5 29. Ne3 Rd2 30. Nc4 Rxe2 31. Nxb6 Rxb2 32. Reb1 Rc2 33. Nc4 Ne4 34. Rc1 Rxc3 35. Nxa5 Rxc1+ 36. Rxc1 Ra8 37. Nxb7 Rxa4 38. Nc5 Nxc5 39. Rxc5 h4 40. Kg2 g6 41. Kh3 hxg3 42. hxg3 Kg7 43. Kg2 Rd4 44. Rb5 Rd5 45. Rb2 g5 46. Rb1 Kg6 47. Rb8 g4 48. Rg8+ Kf5 49. Rh8 Rd2 50. Kf1 Ra2 51. Kg2 f6 52. Rg8 e5 53. Re8 Rb2 54. Kf1 Rb3 55. Rg8 e4 56. Re8 Ra3 57. Kg2 Rd3 58. Kf1 Rd1+ 59. Kg2 Rd5 60. Kf1 Re5 61. Ra8 e3 62. fxe3 Rxe3 63. Kf2 Rf3+ 64. Kg2 Rd3 65. Kf2 Rd2+ 66. Kf1 Ke4 67. Ra3 Rd3 68. Ra4+ Kf3 69. Rf4+ Kxg3 70. Rxf6 Rf3+ 71. Rxf3+ Kxf3 0-1

[Event "Titled Tuesday intern op 18th Mar Late"]
[Site "Chess.com INT"]
[Date "2025.03.18"]
[Round "1"]
[White "Bortnyk, Olexandr"]
[Black "Sindarov, Islombek"]
[Result "1-0"]
[WhiteElo "2601"]
[BlackElo "2129"]
[PlyCount "73"]
[EventDate "2025.03.18"]
[EventType "swiss (blitz)"]
[EventRounds "11"]
[EventCountry "USA"]
[SourceTitle "CB13_2025"]
[SourceDate "2025.03.26"]
[SourceVersion "1"]
[SourceVersionDate "2025.03.26"]
[SourceQuality "1"]

1. d4 Nf6 2. Nc3 g6 3. e4 d6 4. Bg5 Bg7 5. Qd2 Nc6 6. f4 h6 7. Bh4 0-0 8. Nf3 Bg4 9. Be2 Bxf3 10. Bxf3 e5 11. fxe5 dxe5 12. d5 Nd4 13. 0-0 Qd6 14. Kh1 c6 15. Rae1 cxd5 16. exd5 Nf5 17. Bxf6 Qxf6 18. Be4 Qg5 19. Qxg5 hxg5 20. Bxf5 gxf5 21. Rxf5 f6 22. Ne4 Kf7 23. g4 Kg6 24. c4 Rac8 25. c5 b6 26. b4 a5 27. a3 axb4 28. axb4 Rh8 29. Kg2 bxc5 30. bxc5 Rb8 31. Re2 Rb4 32. d6 Rc4 33. h3 Ra8 34. Rf3 Raa4 35. d7 Rd4 36. c6 Ra7 37. Rd2 1-0

[Event "Titled Tuesday intern op 18th Mar Late"]
[Site "Chess.com INT"]
[Date "2025.03.18"]
[Round "10"]
[White "Khlebovich, Alexander"]
[Black "Bortnyk, Olexandr"]
[Result "1/2-1/2"]
[WhiteElo "2423"]
[BlackElo "2601"]
[PlyCount "138"]
[EventDate "2025.03.18"]
[EventType "swiss (blitz)"]
[EventRounds "11"]
[EventCountry "USA"]
[SourceTitle "CB13_2025"]
[SourceDate "2025.03.26"]
[SourceVersion "1"]
[SourceVersionDate "2025.03.26"]
[SourceQuality "1"]

1. d4 Nf6 2. c4 b6 3. Nf3 Bb7 4. g3 g6 5. Bg2 Bg7 6. 0-0 0-0 7. Nc3 Ne4 8. Qc2 Nxc3 9. Qxc3 c5 10. Be3 d6 11. Qd2 Re8 12. Rad1 Nd7 13. Bh6 Bxh6 14. Qxh6 Bxf3 15. Bxf3 Rc8 16. h4 cxd4 17. Rxd4 Ne5 18. b3 Nxf3+ 19. exf3 Rc5 20. Re1 a5 21. Rg4 e6 22. h5 Qf6 23. hxg6 hxg6 24. Kg2 Rf5 25. Re3 Rd8 26. Rh4 Qg7 27. Qxg7+ Kxg7 28. Rd4 Rc5 29. f4 b5 30. cxb5 Rxb5 31. Rc3 d5 32. Rc7 Rdb8 33. Rd3 R8b7 34. Rxb7 Rxb7 35. Rc3 Rb5 36. Kf3 Kf6 37. Ke3 Rb4 38. Rd3 Ke7 39. Kd2 Kd6 40. Kc3 Kc5 41. f3 a4 42. Rd2 d4+ 43. Kb2 axb3 44. axb3 Kd5 45. Rc2 d3 46. Rc8 Kd4 47. Rd8+ Ke3 48. Kc3 Rb7 49. Rxd3+ Ke2 50. Kc2 Kf2 51. g4 Kg3 52. f5 exf5 53. gxf5 g5 54. Kc3 Kf4 55. f6 Ke5 56. b4 Kxf6 57. Kc4 Rc7+ 58. Kb5 Ke5 59. Kb6 Rc1 60. b5 Rb1 61. Kc6 f5 62. b6 Rc1+ 63. Kd7 Rb1 64. Kc7 g4 65. fxg4 fxg4 66. b7 Kf4 67. b8Q Rxb8 68. Kxb8 g3 69. Rxg3 Kxg3 1/2-1/2

[Event "Titled Tuesday intern op 18th Mar Late"]
[Site "Chess.com INT"]
[Date "2025.03.18"]
[Round "2"]
[White "Korchmar, Vasiliy"]
[Black "Bortnyk, Olexandr"]
[Result "0-1"]
[WhiteElo "2429"]
[BlackElo "2601"]
[PlyCount "74"]
[EventDate "2025.03.18"]
[EventType "swiss (blitz)"]
[EventRounds "11"]
[EventCountry "USA"]
[SourceTitle "CB13_2025"]
[SourceDate "2025.03.26"]
[SourceVersion "1"]
[SourceVersionDate "2025.03.26"]
[SourceQuality "1"]

1. Nf3 Nf6 2. c4 b6 3. g3 Bb7 4. Bg2 g6 5. 0-0 Bg7 6. Nc3 0-0 7. b3 e6 8. Bb2 d5 9. e3 c5 10. cxd5 exd5 11. d4 Na6 12. Qe2 Qe7 13. Rfd1 Rfd8 14. Rac1 Nb4 15. dxc5 bxc5 16. Na4 Ba6 17. Qe1 Nd3 18. Rxd3 Bxd3 19. Nxc5 Be4 20. Bd4 a5 21. Qd2 Rdc8 22. a3 Bxf3 23. Bxf3 Ne4 24. Bxe4 Bxd4 25. Bxd5 Bxc5 26. Bxa8 Rxa8 27. Qd5 Rd8 28. Qxc5 Rd1+ 29. Kg2 Qe4+ 30. Kh3 Rd5 31. Qc8+ Kg7 32. Rc5 Rd2 33. Qg4 Qh1 34. Rc7 Qf1+ 35. Kh4 Qxf2 36. h3 Rd5 37. Qf4 g5+ 0-1